[Event "tm FRA 1st"]
[Site "France"]
[Date "1999.??.??"]
[Round "11"]
[White "Fargere, Francois"]
[Black "Milliet, Sophie"]
[Result "1-0"]
[WhiteElo "2109"]
[BlackElo "1880"]
[Annotator "Auxerre-Montpellier"]
[PlyCount "137"]
[EventDate "1999.??.??"]

1. e4 e5 2. Bc4 Nf6 3. d3 Nc6 4. Nf3 Bc5 5. O-O d6 6. h3 h6 7. c3 O-O 8. b4 Bb6
9. Be3 Ne7 10. Bxb6 axb6 11. Re1 Ng6 12. d4 Qe7 13. Nbd2 Bd7 14. Nf1 Nf4 15.
Ng3 g6 16. Qc2 Rfe8 17. Rad1 b5 18. Bb3 Bc6 19. Qb1 Qf8 20. Qc1 N4h5 21. Nxh5
Nxh5 22. dxe5 dxe5 23. Bd5 Nf6 24. Qc2 Qe7 25. Re3 Ra7 26. Qb3 Rea8 27. Rd2 Bd7
28. Red3 Be8 29. Qd1 Kg7 30. Qe2 Nh5 31. g3 Nf6 32. Kg2 Bd7 33. Bxf7 Bc6 34.
Bd5 Be8 35. Nh2 Bd7 36. Bb3 Bc6 37. f3 Rf8 38. Ng4 Raa8 39. Nxf6 Qxf6 40. Qd1
Rae8 41. Bd5 Re7 42. Qb3 Rd7 43. Bxc6 Rxd3 44. Rxd3 Qxc6 45. Qd5 Qxd5 46. Rxd5
Kf6 47. Rxb5 b6 48. a4 Rd8 49. Rd5 Ra8 50. a5 Ke6 51. Rb5 bxa5 52. Rxa5 Rd8 53.
Kf2 Rd3 54. Rc5 Rd7 55. Rc6+ Kf7 56. Ke3 h5 57. h4 Kg7 58. Re6 Kf7 59. Rxe5 c6
60. Rc5 Rd6 61. c4 Ke7 62. b5 cxb5 63. cxb5 Rd1 64. Rc6 Kf7 65. b6 Rb1 66. Rc7+
Ke6 67. b7 Kf6 68. Kf4 Rb6 69. Rc6+ 1-0

[Event "tm FRA 1st"]
[Site "France"]
[Date "1999.??.??"]
[Round "11"]
[White "Tkachiev, Vladislav"]
[Black "Adams, Michael"]
[Result "1-0"]
[WhiteElo "2634"]
[BlackElo "2716"]
[Annotator "Cannes-Monaco"]
[PlyCount "97"]
[EventDate "1999.??.??"]

1. d4 Nf6 2. c4 e6 3. Nf3 b6 4. a3 Ba6 5. Qc2 Bb7 6. Nc3 c5 7. e4 cxd4 8. Nxd4
Nc6 9. Nxc6 Bxc6 10. Qe2 d6 11. g3 Be7 12. Bg2 O-O 13. O-O Nd7 14. Bf4 Ne5 15.
Rfd1 Qb8 16. Rac1 a6 17. b4 Bf6 18. Rb1 Rc8 19. c5 dxc5 20. bxc5 b5 21. Na4 Ra7
22. Nb6 Rd8 23. Nc4 Rxd1+ 24. Qxd1 g6 25. Nd6 Rd7 26. Qc2 g5 27. Bd2 Qa7 28.
Ba5 Bd8 29. Bb4 g4 30. Qc3 Bf6 31. Qe3 Ng6 32. Bc3 Bxc3 33. Qxc3 Rc7 34. Qf6
Qa8 35. h4 gxh3 36. Bxh3 Qf8 37. Nxf7 Be8 38. Rd1 Rxf7 39. Bxe6 Qe7 40. Bxf7+
Qxf7 41. Qd6 Qb7 42. Qd5+ Qxd5 43. exd5 Ne5 44. c6 Kf8 45. f4 Nf7 46. Kf2 Nd6
47. Ke3 Bh5 48. Rh1 Nf5+ 49. Ke4 1-0

[Event "tm FRA 1st"]
[Site "France"]
[Date "1999.??.??"]
[Round "11"]
[White "Piket, Jeroen"]
[Black "Godena, Michele"]
[Result "1-0"]
[WhiteElo "2609"]
[BlackElo "2552"]
[Annotator "Monaco-Cannes"]
[PlyCount "97"]
[EventDate "1999.??.??"]

1. d4 d5 2. c4 c6 3. Nf3 Nf6 4. Nc3 dxc4 5. a4 Bf5 6. Ne5 Nbd7 7. Nxc4 Nb6 8.
Ne5 Bg6 9. a5 Nbd5 10. Qb3 Rb8 11. g3 e6 12. Bg2 Be7 13. O-O O-O 14. Nc4 Qc8
15. Bd2 Rd8 16. Rfc1 h6 17. Ne5 Nxc3 18. Qxc3 Be4 19. f3 Bh7 20. a6 c5 21. dxc5
Qc7 22. Nd3 Nd5 23. Qe5 Qc6 24. e4 Qb5 25. Bf1 Bf6 26. Qh5 Bg6 27. Qh3 Bd4+ 28.
Kh1 Ne3 29. Bxe3 Bxe3 30. Rd1 Qb3 31. Be2 bxa6 32. Qf1 Rdc8 33. Ra3 Qb7 34. b4
Rd8 35. Ne5 Rxd1 36. Qxd1 Bxc5 37. bxc5 Qb2 38. Rd3 Qxe5 39. Rd8+ Rxd8 40.
Qxd8+ Kh7 41. c6 Qa1+ 42. Kg2 Qb2 43. Kf2 f5 44. c7 Qb6+ 45. Kf1 Qb1+ 46. Qd1
Qb7 47. Qc1 Qc8 48. Qc6 Be8 49. Bxa6 1-0

[Event "tm FRA 1st"]
[Site "France"]
[Date "1999.??.??"]
[Round "11"]
[White "Kosten, Anthony"]
[Black "Anic, Darko"]
[Result "1/2-1/2"]
[WhiteElo "2502"]
[BlackElo "2464"]
[Annotator "Monaco-Cannes"]
[PlyCount "60"]
[EventDate "1999.??.??"]

1. c4 e5 2. g3 Nf6 3. Bg2 Be7 4. Nc3 c6 5. e4 d6 6. Nge2 h5 7. h4 Na6 8. d4
exd4 9. Nxd4 Ng4 10. Bf4 Qb6 11. Qd2 Ne5 12. b3 Nc5 13. O-O g6 14. Rad1 a5 15.
Qe3 a4 16. Ndb5 cxb5 17. Nd5 Qa7 18. Nxe7 Kxe7 19. Rxd6 Ncd7 20. Qd2 bxc4 21.
Rd1 Qc5 22. bxc4 Ra6 23. Rd5 Qc7 24. Qb4+ Kf6 25. Qc3 Re8 26. Bh3 Qxc4 27. Qa1
Qxe4 28. Bxd7 Bxd7 29. Rxd7 Kg7 30. Bxe5+ Qxe5 1/2-1/2

[Event "tm FRA 1st"]
[Site "France"]
[Date "1999.??.??"]
[Round "11"]
[White "Peric, Slavisa"]
[Black "Atlas, Valeri"]
[Result "1-0"]
[WhiteElo "2300"]
[BlackElo "2457"]
[Annotator "Cannes-Monaco"]
[PlyCount "72"]
[EventDate "1999.??.??"]

1. d4 Nf6 2. Nf3 e6 3. e3 b6 4. Bd3 Bb7 5. O-O Be7 6. c4 O-O 7. Nc3 d5 8. Qe2
Nbd7 9. e4 dxe4 10. Nxe4 c5 11. Rd1 Qc7 12. dxc5 Nxc5 13. Nxc5 Qxc5 14. Bf4
Rad8 15. a3 Qc8 16. b4 Qa8 17. Ne1 Rc8 18. Be5 Rfd8 19. Qb2 Ne8 20. Qe2 g6 21.
Qe3 f6 22. Bb2 e5 23. Rac1 Ng7 24. h4 Ne6 25. g3 Ng7 26. g4 Re8 27. g5 Nh5 28.
Be2 Nf4 29. Bg4 Rcd8 30. gxf6 Bxf6 31. Rxd8 Qxd8 32. Rd1 Qc7 33. Nf3 Bc8 34.
Bxc8 Qxc8 35. Nxe5 Bxe5 36. Bxe5 Qg4+ 1-0

[Event "tm FRA 1st"]
[Site "France"]
[Date "1999.??.??"]
[Round "11"]
[White "Rotstein, Arkadij"]
[Black "Rainfray, Arnaud"]
[Result "1-0"]
[WhiteElo "2493"]
[BlackElo "2322"]
[Annotator "Monaco-Cannes"]
[PlyCount "125"]
[EventDate "1999.??.??"]

1. c4 e6 2. g3 d5 3. Bg2 Nf6 4. Nf3 Be7 5. O-O O-O 6. b3 c5 7. e3 d4 8. exd4
cxd4 9. d3 Nc6 10. Re1 Ne8 11. Ba3 f6 12. Bxe7 Qxe7 13. a3 a5 14. Nbd2 Nc7 15.
Qc2 e5 16. c5 Be6 17. Ne4 Nd5 18. Nfd2 Qc7 19. Nc4 Nce7 20. Qd2 Nc3 21. Nxc3
dxc3 22. Qxc3 Qxc5 23. Bxb7 Rab8 24. Bg2 Nc6 25. Rac1 Nd4 26. Qxa5 Rb5 27. Qa6
Rxb3 28. a4 Rc8 29. Rb1 Rc3 30. Rb7 Rc2 31. Qa7 Qxa7 32. Rxa7 Rd8 33. Ne3 Rc3
34. Rb1 Rc1+ 35. Rxc1 Ne2+ 36. Kf1 Nxc1 37. a5 Nxd3 38. Re7 Bc8 39. Bd5+ Kh8
40. Bc4 Nb4 41. Rc7 h5 42. Be2 Ba6 43. Bxa6 Nxa6 44. Ra7 Nb4 45. Nf5 Rd1+ 46.
Ke2 Ra1 47. Nxg7 Nc6 48. Rc7 Nd4+ 49. Kd3 Ra3+ 50. Ke4 Ra4 51. Rb7 Rxa5 52.
Nxh5 f5+ 53. Kd3 Ra6 54. f4 Nf3 55. fxe5 Nxe5+ 56. Kd4 Nf3+ 57. Ke3 Nxh2 58.
Kf4 Rh6 59. Kxf5 Nf1 60. Kg5 Rc6 61. Nf6 Rxf6 62. Kxf6 Kg8 63. Kg6 1-0

[Event "tm FRA 1st"]
[Site "France"]
[Date "1999.??.??"]
[Round "11"]
[White "Sorin, Maxime"]
[Black "Miralles, Gilles"]
[Result "1-0"]
[WhiteElo "2208"]
[BlackElo "2491"]
[Annotator "Cannes-Monaco"]
[PlyCount "120"]
[EventDate "1999.??.??"]

1. e4 c5 2. Nf3 Nc6 3. d4 cxd4 4. Nxd4 g6 5. c4 Bg7 6. Be3 Nf6 7. Nc3 d6 8. Be2
O-O 9. O-O Bd7 10. f3 a6 11. Qd2 Nxd4 12. Bxd4 Rb8 13. a4 a5 14. Qe3 b6 15. Nd5
Bc6 16. Nxf6+ Bxf6 17. Bxf6 exf6 18. Rfd1 Qe7 19. Qd3 Rfd8 20. Bf1 Qe5 21. b3
Qc5+ 22. Kh1 Rd7 23. Rac1 Re8 24. Qb1 Re5 25. Bd3 Rde7 26. Qb2 h5 27. Qd2 R5e6
28. Rg1 Qd4 29. Rcd1 Re8 30. Qh6 Qc3 31. f4 Bxe4 32. Bxe4 Rxe4 33. f5 g5 34.
Qxh5 Rh4 35. Qf3 Re3 36. Qd5 Qe5 37. g3 Rhe4 38. Qxe5 dxe5 39. Rb1 Rc3 40. Rgc1
Ree3 41. Rxc3 Rxc3 42. Kg2 g4 43. Kf2 Kf8 44. Ke2 Rc2+ 45. Kd3 Rxh2 46. c5 bxc5
47. Kc4 Rf2 48. Kb5 Rxf5 49. Kxa5 Rf2 50. Kb6 f5 51. a5 f4 52. a6 Ra2 53. gxf4
exf4 54. a7 f3 55. Rf1 Ra3 56. Kxc5 Rxa7 57. Kd5 Ra3 58. Kc4 Kg7 59. Kb4 Ra2
60. Kc4 f2 1-0

[Event "tm FRA 1st"]
[Site "France"]
[Date "1999.??.??"]
[Round "11"]
[White "Lanzani, Mario"]
[Black "Levacic, Damir"]
[Result "1-0"]
[WhiteElo "2393"]
[BlackElo "2295"]
[Annotator "Monaco-Cannes"]
[PlyCount "93"]
[EventDate "1999.??.??"]

1. e4 c5 2. Nf3 Nc6 3. d4 cxd4 4. Nxd4 Nf6 5. Nc3 d6 6. Be2 g6 7. Nb3 Bg7 8.
O-O O-O 9. Re1 b6 10. Nd5 Bb7 11. c3 Nxe4 12. Bb5 e6 13. Rxe4 exd5 14. Bxc6
Bxc6 15. Re1 Qh4 16. Be3 Rfe8 17. Nd4 Bd7 18. Qd2 Qh5 19. Bf4 Be5 20. Bg3 Rac8
21. Nc2 Bc6 22. Nb4 a5 23. Nxd5 Bxd5 24. Qxd5 Bxg3 25. Qxh5 Bxf2+ 26. Kxf2 gxh5
27. Rxe8+ Rxe8 28. Rd1 Re5 29. Rxd6 b5 30. Rd4 Kf8 31. Kf3 Rf5+ 32. Rf4 Rc5 33.
Re4 a4 34. a3 Rd5 35. Ke3 f6 36. c4 Rg5 37. g3 bxc4 38. Rxc4 Rb5 39. Rb4 Ra5
40. Kd3 Kf7 41. Kc3 Rc5+ 42. Rc4 Rxc4+ 43. Kxc4 h4 44. b4 axb3 45. Kxb3 hxg3
46. hxg3 f5 47. Kc4 1-0

[Event "tm FRA 1st"]
[Site "France"]
[Date "1999.??.??"]
[Round "11"]
[White "Bramme, Emmanuelle"]
[Black "Lebel-Arias, Julia"]
[Result "1/2-1/2"]
[WhiteElo "2049"]
[BlackElo "2073"]
[Annotator "Cannes-Monaco"]
[PlyCount "65"]
[EventDate "1999.??.??"]

1. d4 g6 2. Nf3 Bg7 3. g3 b5 4. Bg2 Bb7 5. O-O f5 6. a4 a6 7. c3 e6 8. Na3 Bc6
9. axb5 axb5 10. Bf4 Nf6 11. Qb3 Ra5 12. Ne5 Bxg2 13. Kxg2 c6 14. c4 b4 15.
Qxb4 Na6 16. Qd2 Ne4 17. Qd1 g5 18. Be3 O-O 19. f3 f4 20. fxe4 fxe3 21. Ng4
Rxf1 22. Kxf1 c5 23. e5 Qf8+ 24. Kg2 Qf5 25. h3 Qe4+ 26. Kh2 cxd4 27. Nb5 Rxa1
28. Qxa1 h5 29. Nd6 Qc6 30. Qf1 hxg4 31. Qf7+ Kh8 32. Qh5+ Kg8 33. Qf7+ 1/2-1/2

[Event "tm FRA 1st"]
[Site "France"]
[Date "1999.??.??"]
[Round "11"]
[White "Fontaine, Robert"]
[Black "Khenkin, Igor"]
[Result "0-1"]
[WhiteElo "2369"]
[BlackElo "2641"]
[Annotator "Paris Caissa-Nancy"]
[PlyCount "85"]
[EventDate "1999.??.??"]

1. e4 c6 2. d4 d5 3. Nd2 dxe4 4. Nxe4 Bf5 5. Ng3 Bg6 6. Bc4 e6 7. N1e2 Nf6 8.
O-O Bd6 9. f4 Bf5 10. Nxf5 exf5 11. Kh1 O-O 12. Ng1 Nbd7 13. Nf3 Qc7 14. Ne5
Rad8 15. Qf3 c5 16. Nxd7 Rxd7 17. dxc5 Bxc5 18. Bd3 g6 19. b3 Bd4 20. Rb1 Rfd8
21. Be3 Bxe3 22. Qxe3 Nd5 23. Qg3 Re7 24. Rf3 Nc3 25. Rbf1 Ne4 26. Bxe4 fxe4
27. Rc3 Qa5 28. a4 Rc7 29. Re3 f5 30. c4 Rcd7 31. h4 Rd1 32. Rxd1 Rxd1+ 33. Kh2
Qd2 34. Rc3 Qd4 35. Re3 Rd3 36. Rxd3 exd3 37. Qe1 Qxf4+ 38. g3 Qe4 39. Qa5 Qd4
40. Qd2 a5 41. Qe1 Kf7 42. Qd2 b6 43. Qh6 0-1

[Event "tm FRA 1st"]
[Site "France"]
[Date "1999.??.??"]
[Round "11"]
[White "Bauer, Christian"]
[Black "Spiridonov, Nikola"]
[Result "1-0"]
[WhiteElo "2528"]
[BlackElo "2398"]
[Annotator "Nancy-Paris Caissa"]
[PlyCount "69"]
[EventDate "1999.??.??"]

1. e4 c6 2. d4 d5 3. Nc3 dxe4 4. Nxe4 Nd7 5. Ng5 Ngf6 6. Bc4 e6 7. Qe2 Nb6 8.
Bb3 h6 9. N5f3 a5 10. a4 c5 11. Be3 Nbd5 12. O-O-O Qc7 13. Ne5 Bd6 14. Qb5+ Ke7
15. Ngf3 Nxe3 16. fxe3 Rd8 17. Rhe1 Bd7 18. Nxd7 Rxd7 19. Kb1 cxd4 20. exd4 Kf8
21. Ne5 Bxe5 22. Rxe5 b6 23. c3 Ng4 24. Re2 Rad8 25. h3 Nf6 26. Rf1 Kg8 27. Qd3
Nh7 28. g4 Nf8 29. Ref2 Re7 30. h4 Rdd7 31. Qe2 e5 32. dxe5 Kh8 33. Re1 Ng6 34.
e6 fxe6 35. Bc2 1-0

[Event "tm FRA 1st"]
[Site "France"]
[Date "1999.??.??"]
[Round "11"]
[White "Elbilia, Jacques"]
[Black "Arkell, Keith"]
[Result "0-1"]
[WhiteElo "2360"]
[BlackElo "2438"]
[Annotator "Paris Caissa-Nancy"]
[PlyCount "48"]
[EventDate "1999.??.??"]

1. d4 e6 2. c4 Bb4+ 3. Bd2 Bxd2+ 4. Qxd2 d5 5. Nc3 Nf6 6. e3 O-O 7. Nf3 Qe7 8.
Rc1 Nbd7 9. a3 c6 10. Be2 dxc4 11. Bxc4 e5 12. d5 Nb6 13. d6 Qe8 14. Be2 Bg4
15. Ng5 Bxe2 16. Qxe2 Rd8 17. Qd3 h6 18. Nge4 Nfd7 19. b4 f5 20. Nc5 e4 21. Qd4
Ne5 22. Nxb7 Nd3+ 23. Kd2 Rd7 24. Na5 Qe6 0-1

[Event "tm FRA 1st"]
[Site "France"]
[Date "1999.??.??"]
[Round "11"]
[White "Adrian, Claude"]
[Black "Maze, Sebastien"]
[Result "1-0"]
[WhiteElo "2309"]
[BlackElo "2179"]
[Annotator "Nancy-Paris Caissa"]
[PlyCount "83"]
[EventDate "1999.??.??"]

1. Nf3 Nf6 2. c4 g6 3. g3 Bg7 4. Bg2 O-O 5. d4 c5 6. Nc3 cxd4 7. Nxd4 Nc6 8.
Nc2 d6 9. O-O Be6 10. b3 Nd7 11. Bb2 Rc8 12. e4 Nb6 13. Qe2 Ne5 14. Ne3 Nc6 15.
Ncd5 Bxb2 16. Qxb2 Bxd5 17. exd5 Ne5 18. f4 Ned7 19. Rae1 Nf6 20. g4 Nbd7 21.
g5 Nh5 22. Bh3 Rc7 23. Ng4 Ng7 24. Nh6+ Kh8 25. Rf3 f5 26. Rfe3 Nc5 27. Bg2 Qd7
28. h4 b5 29. cxb5 Rfc8 30. Nf7+ Kg8 31. Rxe7 Qxe7 32. Rxe7 Rxe7 33. Nxd6 Rd8
34. Nc4 Re1+ 35. Kh2 Nh5 36. Qd2 Rde8 37. Ne5 Rb1 38. d6 Ne6 39. d7 Rf8 40. Bd5
Nhg7 41. Nc6 Kh8 42. Bxe6 1-0

[Event "tm FRA 1st"]
[Site "France"]
[Date "1999.??.??"]
[Round "11"]
[White "De Sousa, Jose-Claude"]
[Black "Spielmann, Alain"]
[Result "1-0"]
[WhiteElo "2275"]
[BlackElo "2252"]
[Annotator "Paris Caissa-Nancy"]
[PlyCount "41"]
[EventDate "1999.??.??"]

1. e4 c5 2. Nf3 e6 3. d4 cxd4 4. Nxd4 Nc6 5. Nb5 d6 6. Bf4 e5 7. Be3 Nf6 8. Bg5
a6 9. Bxf6 gxf6 10. N5c3 f5 11. Bc4 Bg7 12. Qh5 O-O 13. Nd2 Nd4 14. O-O-O b5
15. Bd3 b4 16. Nd5 fxe4 17. Nxe4 f5 18. Bc4 Kh8 19. Ng5 h6 20. h4 Ra7 21. Qg6
1-0

[Event "tm FRA 1st"]
[Site "France"]
[Date "1999.??.??"]
[Round "11"]
[White "Nezar, Mustapha"]
[Black "Lecuyer, Christian"]
[Result "1/2-1/2"]
[WhiteElo "2275"]
[BlackElo "2265"]
[Annotator "Nancy-Paris Caissa"]
[PlyCount "96"]
[EventDate "1999.??.??"]

1. e4 e5 2. Nf3 Nc6 3. Bb5 g6 4. O-O Bg7 5. c3 d6 6. d4 Bd7 7. Re1 a6 8. Ba4
Nf6 9. Bxc6 Bxc6 10. dxe5 Nxe4 11. exd6 O-O 12. dxc7 Qxc7 13. Qc2 Nc5 14. Be3
Bxf3 15. gxf3 Rad8 16. Nd2 Nd3 17. Red1 Ne5 18. Kg2 Qc6 19. Qe4 Qc8 20. Bd4 f5
21. Qe2 Rfe8 22. Bxe5 Rxe5 23. Qc4+ Qxc4 24. Nxc4 Red5 25. Ne3 Rd2 26. a4 Bf8
27. Rxd2 Rxd2 28. Nc4 Rc2 29. Rd1 b5 30. axb5 axb5 31. Nd6 b4 32. cxb4 Rc6 33.
Nb5 Rb6 34. Nc7 Bxb4 35. Rd7 Ba5 36. Nd5 Rxb2 37. Nf6+ Kf8 38. Nxh7+ Ke8 39.
Nf6+ Kf8 40. Nh7+ Kg8 41. Ng5 Be1 42. Nh3 Kf8 43. Kf1 Bd2 44. f4 Kg8 45. Kg2
Be1 46. Re7 Bb4 47. Rb7 Bc3 48. Rxb2 Bxb2 1/2-1/2

[Event "tm FRA 1st"]
[Site "France"]
[Date "1999.??.??"]
[Round "11"]
[White "Plantet, Sebastien"]
[Black "Philippe, Christophe"]
[Result "0-1"]
[WhiteElo "2153"]
[BlackElo "2254"]
[Annotator "Paris Caissa-Nancy"]
[PlyCount "50"]
[EventDate "1999.??.??"]

1. c4 f5 2. Nf3 Nf6 3. g3 g6 4. Bg2 Bg7 5. O-O O-O 6. Nc3 d6 7. d4 Qe8 8. b3 e5
9. dxe5 dxe5 10. Ba3 Rf7 11. Qc2 Nc6 12. Rad1 h6 13. b4 e4 14. Ne1 Be6 15. c5
Rd8 16. Rxd8 Qxd8 17. b5 Nd4 18. Qa4 Nd5 19. Nxd5 Nxe2+ 20. Kh1 Bxd5 21. Qxa7
f4 22. Bb4 fxg3 23. fxg3 Rxf1+ 24. Bxf1 Qf8 25. Bxe2 e3+ 0-1

[Event "tm FRA 1st"]
[Site "France"]
[Date "1999.??.??"]
[Round "11"]
[White "Zawadski, Stephane"]
[Black "Eustache, Boris"]
[Result "1-0"]
[WhiteElo "2200"]
[BlackElo "2100"]
[Annotator "Nancy-Paris Caissa"]
[PlyCount "91"]
[EventDate "1999.??.??"]

1. d4 d5 2. c4 e6 3. Nc3 Be7 4. cxd5 exd5 5. Bf4 Nf6 6. e3 O-O 7. Bd3 c5 8.
dxc5 Bxc5 9. Nge2 Nc6 10. O-O d4 11. Na4 Bd6 12. Bxd6 Qxd6 13. Nxd4 Nxd4 14.
exd4 Bg4 15. Qb3 Qxd4 16. h3 Be6 17. Qa3 Rac8 18. Rad1 Qh4 19. Nc3 a6 20. Qa5
Rfd8 21. g3 Qxh3 22. Bf5 Qxf5 23. Rxd8+ Ne8 24. Qxf5 Bxf5 25. Rxc8 Bxc8 26. Rd1
Kf8 27. Rd8 Be6 28. Rb8 b5 29. a3 Ke7 30. Rb7+ Kd6 31. Rb6+ Kc5 32. Rxa6 Nc7
33. b4+ Kd4 34. Ne2+ Ke4 35. Nc3+ Kd3 36. Rc6 Ne8 37. Nxb5 Bd7 38. Rc3+ Kd2 39.
Rc5 Nf6 40. Nc3 Be6 41. f3 Nd7 42. Rc7 Ne5 43. f4 Nc4 44. f5 Kxc3 45. fxe6 fxe6
46. b5 1-0

[Event "tm FRA 1st"]
[Site "France"]
[Date "1999.??.??"]
[Round "11"]
[White "Chaude de Silans, Chantal"]
[Black "Franc, Nathalie"]
[Result "1/2-1/2"]
[WhiteElo "1900"]
[BlackElo "1940"]
[Annotator "Paris Caissa-Nancy"]
[PlyCount "23"]
[EventDate "1999.??.??"]

1. d4 Nf6 2. c4 e6 3. Nf3 Bb4+ 4. Nc3 c5 5. Qc2 d6 6. e3 Nc6 7. Bd3 cxd4 8.
exd4 d5 9. cxd5 exd5 10. O-O Be7 11. Bf4 O-O 12. h3 1/2-1/2

[Event "tm FRA 1st"]
[Site "France"]
[Date "1999.??.??"]
[Round "11"]
[White "Legky, Nikolay"]
[Black "Salus, Stephane"]
[Result "1/2-1/2"]
[WhiteElo "2487"]
[BlackElo "2237"]
[Annotator "Drancy-Avignon"]
[PlyCount "111"]
[EventDate "1999.??.??"]

1. d4 Nf6 2. Nf3 c5 3. d5 d6 4. c4 e5 5. Nc3 Be7 6. e4 Nbd7 7. h3 h5 8. g3 g6
9. Bg2 Kf8 10. O-O Kg7 11. a3 Ne8 12. h4 a6 13. a4 Rb8 14. a5 b5 15. axb6 Qxb6
16. Qe2 Nc7 17. Bd2 Nf6 18. Rfb1 Bg4 19. b3 Rb7 20. Qd3 a5 21. Na4 Qa7 22. Bc3
Bxf3 23. Bxf3 Nd7 24. Bd1 Ra8 25. Qd2 Ne8 26. Nb2 Bd8 27. Nd3 Qb8 28. Bxa5 Bxa5
29. Rxa5 Rxa5 30. Qxa5 Nef6 31. Qe1 Ra7 32. Bf3 Ra3 33. Qd1 Qa7 34. Kg2 Ra2 35.
Nc1 Ra1 36. Rb2 Qa5 37. Qc2 Qe1 38. Rb1 Rxb1 39. Qxb1 Ng4 40. Bxg4 hxg4 41. Qc2
Nf6 42. Ne2 Kf8 43. Qd3 Ke7 44. Nc3 Kd7 45. f3 gxf3+ 46. Qxf3 Ke7 47. Kh3 Nh5
48. Ne2 Kd8 49. Nc3 f5 50. exf5 gxf5 51. Kg2 Qd2+ 52. Qe2 Qh6 53. Kf2 f4 54.
gxf4 Qxf4+ 55. Ke1 Qxh4+ 56. Qf2 1/2-1/2

[Event "tm FRA 1st"]
[Site "France"]
[Date "1999.??.??"]
[Round "11"]
[White "Weill, Roland"]
[Black "Giffard, Nicolas"]
[Result "0-1"]
[WhiteElo "2217"]
[BlackElo "2369"]
[Annotator "Avignon-Drancy"]
[PlyCount "124"]
[EventDate "1999.??.??"]

1. Nf3 Nf6 2. g3 d5 3. d3 Bg4 4. Nbd2 e6 5. Bg2 Be7 6. h3 Bh5 7. e4 Bxf3 8.
Nxf3 c6 9. Qe2 Na6 10. O-O O-O 11. e5 Nd7 12. h4 Nc7 13. Bh3 Re8 14. Re1 Bf8
15. Bf4 a5 16. h5 a4 17. a3 Ra6 18. g4 c5 19. g5 d4 20. Nd2 Nd5 21. Qg4 g6 22.
hxg6 fxg6 23. Ne4 Rb6 24. Rab1 Nxf4 25. Qxf4 Qb8 26. Qh4 Re7 27. Nf6+ Kh8 28.
f4 Rf7 29. Re2 Qd8 30. Bg4 Be7 31. Qh3 Nf8 32. Qf3 Qc8 33. Qf2 c4 34. Kg2 Bc5
35. Qf3 c3 36. b3 axb3 37. cxb3 Bxa3 38. Qf2 Bc5 39. Ra2 Rb4 40. Rba1 Rxb3 41.
Kg3 Ra3 42. Bd1 Rxa2 43. Qxa2 Rc7 44. Bc2 Rc6 45. Qc4 Qd8 46. Ba4 Rc8 47. Bc2
Be7 48. Qb3 Ra8 49. Rb1 Ra7 50. Qc4 b6 51. Qc6 Ra2 52. Bb3 Qa8 53. Qf3 Qxf3+
54. Kxf3 Rd2 55. Ke4 Bc5 56. Rh1 Re2+ 57. Kf3 Re3+ 58. Kg4 Re2 59. Bxe6 c2 60.
f5 Ba3 61. fxg6 c1=Q 62. Ne8 Nxg6 0-1

[Event "tm FRA 1st"]
[Site "France"]
[Date "1999.??.??"]
[Round "11"]
[White "Moracchini, Fabrice"]
[Black "Gachon, Lionel"]
[Result "1-0"]
[WhiteElo "2303"]
[BlackElo "2285"]
[Annotator "Drancy-Avignon"]
[PlyCount "105"]
[EventDate "1999.??.??"]

1. d4 Nf6 2. Nf3 g6 3. c4 Bg7 4. Nc3 O-O 5. e4 d6 6. Be2 e5 7. Be3 Ng4 8. Bg5
f6 9. Bc1 Nc6 10. d5 Ne7 11. h3 Nh6 12. b4 a5 13. bxa5 Rxa5 14. Nd2 c5 15. Nb3
Ra6 16. Bd2 f5 17. g4 Nf7 18. Qc1 Kh8 19. f3 Ng8 20. g5 h5 21. h4 Ne7 22. Qd1
Bd7 23. a4 Kg8 24. Nb5 Nc8 25. a5 Nh8 26. O-O Nf7 27. Rf2 Na7 28. Qf1 Nxb5 29.
cxb5 Ra8 30. Bc4 Qe7 31. Qd3 Kh8 32. Raf1 f4 33. Ra1 Nxg5 34. hxg5 Qxg5+ 35.
Rg2 Qf6 36. Kh1 g5 37. Rag1 g4 38. Rh2 Bh6 39. Rxh5 Be8 40. Rh2 g3 41. Rxg3
fxg3 42. Rxh6+ Qxh6+ 43. Bxh6 Rg8 44. Kg2 Bd7 45. f4 Bh3+ 46. Kg1 Rg6 47. Bg5
exf4 48. Bxf4 Rag8 49. a6 bxa6 50. bxa6 Bd7 51. e5 Rg4 52. Qe3 Bf5 53. exd6 1-0

[Event "tm FRA 1st"]
[Site "France"]
[Date "1999.??.??"]
[Round "11"]
[White "Verdier, Patrice"]
[Black "Borne, Niels"]
[Result "1/2-1/2"]
[WhiteElo "2276"]
[BlackElo "2305"]
[Annotator "Avignon-Drancy"]
[PlyCount "90"]
[EventDate "1999.??.??"]

1. e4 c5 2. c3 Nf6 3. e5 Nd5 4. Nf3 Nc6 5. d4 cxd4 6. Bc4 e6 7. O-O Be7 8. cxd4
d6 9. Qe2 O-O 10. Nc3 Nxc3 11. bxc3 Bd7 12. exd6 Bxd6 13. Bd3 Re8 14. Ng5 g6
15. Qf3 f5 16. Qh3 Qe7 17. Re1 Qg7 18. Bc4 Nd8 19. Bd2 Rc8 20. Bb3 h6 21. Nf3
Nf7 22. Rad1 Rc7 23. c4 b6 24. Ne5 Bxe5 25. dxe5 g5 26. Bb4 a5 27. Bd6 Nxd6 28.
Rxd6 a4 29. Bc2 b5 30. Qd3 bxc4 31. Qd4 Re7 32. Ra6 Kh7 33. g4 Kg8 34. gxf5
exf5 35. Qd6 Be6 36. Qd8+ Qf8 37. Qd4 Kg7 38. Rd6 Qc8 39. Rb1 Rb7 40. Rd1 Qb8
41. h4 Qe8 42. hxg5 hxg5 43. Kg2 Qg6 44. Bxa4 f4 45. Bc6 Qf5 1/2-1/2

[Event "tm FRA 1st"]
[Site "France"]
[Date "1999.??.??"]
[Round "11"]
[White "Delebarre, Xavier"]
[Black "Cursoux, Laurent"]
[Result "1-0"]
[WhiteElo "2261"]
[BlackElo "2230"]
[Annotator "Drancy-Avignon"]
[PlyCount "59"]
[EventDate "1999.??.??"]

1. h3 Nf6 2. g4 d5 3. Bg2 e5 4. c4 dxc4 5. Qa4+ Bd7 6. Qxc4 Bc6 7. Nf3 Bd6 8.
Nc3 O-O 9. e4 Na6 10. d4 Nxe4 11. d5 Nxc3 12. dxc6 b5 13. Qb3 Ne4 14. O-O Nac5
15. Qxb5 f5 16. b4 Ne6 17. Qc4 Qe7 18. gxf5 Rxf5 19. Qxe4 Raf8 20. a3 Nf4 21.
Bxf4 Rxf4 22. Qd5+ Kh8 23. Rae1 R8f5 24. Nd2 e4 25. Qd4 Qh4 26. Rxe4 Rxe4 27.
Qxe4 Rf4 28. Qe3 a5 29. Ne4 Be7 30. bxa5 1-0

[Event "tm FRA 1st"]
[Site "France"]
[Date "1999.??.??"]
[Round "11"]
[White "Blachier, Pierre"]
[Black "Buchy, Daniel"]
[Result "1/2-1/2"]
[WhiteElo "2135"]
[BlackElo "2197"]
[Annotator "Avignon-Drancy"]
[PlyCount "56"]
[EventDate "1999.??.??"]

1. e4 c5 2. c3 Nf6 3. e5 Nd5 4. d4 cxd4 5. cxd4 Nc6 6. Nf3 d6 7. Bc4 Nb6 8. Bb3
e6 9. O-O dxe5 10. dxe5 Qxd1 11. Rxd1 Na5 12. Nc3 Bd7 13. Nd4 a6 14. f4 Rc8 15.
Ne4 Nxb3 16. axb3 Nd5 17. Bd2 Be7 18. Rdc1 O-O 19. Rc4 Nb6 20. Rcc1 Rfd8 21.
Ba5 Rxc1+ 22. Rxc1 Rc8 23. Rxc8+ Nxc8 24. Bc7 f6 25. Kf1 Kf7 26. Ke2 Na7 27.
Nd6+ Bxd6 28. Bxd6 Nb5 1/2-1/2

[Event "tm FRA 1st"]
[Site "France"]
[Date "1999.??.??"]
[Round "11"]
[White "Zangrilli, David"]
[Black "Duquesnoy, Jean-Philippe"]
[Result "0-1"]
[WhiteElo "2254"]
[BlackElo "2166"]
[Annotator "Drancy-Avignon"]
[PlyCount "102"]
[EventDate "1999.??.??"]

1. e4 c5 2. Nf3 e6 3. c3 Nf6 4. e5 Nd5 5. d4 cxd4 6. cxd4 b6 7. Nc3 Nxc3 8.
bxc3 Qc7 9. Bd2 Bb7 10. Bd3 d6 11. Qe2 Nd7 12. exd6 Bxd6 13. O-O O-O 14. h3 e5
15. Nh4 g6 16. Qg4 e4 17. Bb5 f5 18. Qg5 Rf7 19. Ba4 Be7 20. Qh6 Bf8 21. Qg5
Be7 22. Qh6 Bf8 23. Qg5 Bd5 24. c4 Qxc4 25. Bb3 Qxd4 26. Bc3 Qc5 27. Nxg6 hxg6
28. Qxg6+ Bg7 29. Bb4 Qb5 30. a4 Qc6 31. Qxc6 Bxc6 32. Bxf7+ Kxf7 33. Ra2 a5
34. Bd6 Ke6 35. Bf4 Nc5 36. Rd1 Nd3 37. Be3 Bd5 38. Rc2 Nb2 39. Rxb2 Bxb2 40.
Rb1 Bc3 41. Rxb6+ Kf7 42. h4 Rc8 43. Rb5 Ke6 44. Rb6+ Rc6 45. Rb7 Be5 46. Rb5
f4 47. Bc5 Bc3 48. Bb6 Bc4 49. Rb1 Bb4 50. Ba7 Bd3 51. Ra1 Kf5 0-1

[Event "tm FRA 1st"]
[Site "France"]
[Date "1999.??.??"]
[Round "11"]
[White "Piquemal, Christiane"]
[Black "Mora, Virginie"]
[Result "1/2-1/2"]
[WhiteElo "2050"]
[BlackElo "2140"]
[Annotator "Avignon-Drancy"]
[PlyCount "73"]
[EventDate "1999.??.??"]

1. d4 Nf6 2. c4 g6 3. Nc3 Bg7 4. e4 d6 5. Nf3 O-O 6. Bg5 Nbd7 7. Qd2 c6 8. Be2
e5 9. dxe5 dxe5 10. O-O Qc7 11. Rfd1 Re8 12. h3 a5 13. Be3 Bf8 14. Bd3 Nc5 15.
Bc2 Ne6 16. Ng5 Nc5 17. Nf3 Be6 18. Qe2 Nfd7 19. Ng5 Be7 20. Rd2 f6 21. Nxe6
Nxe6 22. Rad1 Rad8 23. Qg4 Bc5 24. Bxc5 Ndxc5 25. h4 Rxd2 26. Rxd2 Nd4 27. h5
Kg7 28. hxg6 hxg6 29. f4 Qd7 30. Qxd7+ Nxd7 31. fxe5 fxe5 32. Ne2 c5 33. Ba4
Re7 34. Bxd7 Nxe2+ 35. Rxe2 Rxd7 36. Kf2 a4 37. Ke3 1/2-1/2